000 00320 a2200157 4500
001 154724
040 _cEscola São Tomás de Aquino
100 _aMACEDO, Rivaldo
240 1 0 _aA 14ª NAU.
_lpor
245 1 0 _aA 14ª NAU.
300 _a47
362 0 _a1999
440 1 _aFTD
697 _aHISTÓRIA
942 _cBK
999 _c154724
_d154724